000 00632nam a2200229Ia 4500
003 OSt
005 20221007074200.0
006 a|||||r|||| 00| 0
007 ta
008 221006b |||||||| |||| 00| 0 eng d
024 _a14,414
037 _cTextual
040 _aFLL
_cFLL
_beng
041 _2eng
_aeng
082 _aX:8:Z73, K4
100 _aManning Bayless
_9692660
245 0 _aFederal conflict of interest law
260 _aMassachusetts
_bHarvard University Press Massachusetts
_c1964
300 _axv,285p
_ccm.
942 _hX:8:Z73, K4
_cTEXL
_2CC
999 _c1151458
_d1151458